Answers That Start With B - Statistics

General Stats
  • This quiz has been taken 464 times
    454 since last reset
  • The average score is 17 of 20
Answer Stats
Hint Answer % Correct
Newborn child Baby
99%
LeBron James' sport Basketball
98%
First meal of the day Breakfast
98%
Place where you can buy cakes, bread, rolls, etc. Bakery
97%
What you do to water in order to cook pasta Boil
97%
Sound a ghost makes Boo
97%
Animal that brings Easter gifts Bunny
95%
Sport played with a heavy ball and 10 pins Bowling
94%
Disney deer Bambi
90%
Between breakfast and lunch Brunch
90%
Meat from cows Beef
84%
What you cover up with when you're cold Blanket
84%
Birthday party decor that pops Balloon
83%
Cool-colored berry Blueberry
83%
Home Of The Whopper Burger King
79%
Read Book
78%
Princess of Beauty and the Beast Belle
74%
Most expensive car (brand) Bugatti
68%
What Amazon ships orders in Box
67%
"Happy little trees" Bob Ross
26%
No matching quizzes found
Score Distribution
Percent of People with Each Score
Percentile by Number Answered
Your Score History
You have not taken this quiz since the last reset